Organization theory : selected readings
Αποθηκεύτηκε σε:
| Άλλοι συγγραφείς: | |
|---|---|
| Μορφή: | Βιβλίο |
| Γλώσσα: | English |
| Δημοσίευση: |
Harmondsworth :
Penguin,
1971
|
| Σειρά: | Penguin modern management readings
|
| Θέματα: | |
| Ετικέτες: |
Προσθήκη ετικέτας
Δεν υπάρχουν, Καταχωρήστε ετικέτα πρώτοι!
|
MARC
| LEADER | 00000cam a2200000 i 4500 | ||
|---|---|---|---|
| 001 | 1/59063 | ||
| 008 | 960314s1971 eng d | ||
| 020 | |a 0140806016 | ||
| 035 | |l 10028475 | ||
| 040 | |a GR-MY-UA |b gre |e aacr | ||
| 041 | 0 | |a eng | |
| 082 | 0 | |a 302.3/5 |2 (19) | |
| 245 | 1 | 0 | |a Organization theory : |b selected readings / |c edited by D. S. Pugh |
| 260 | |a Harmondsworth : |b Penguin, |c 1971 | ||
| 300 | |a 382 p; |b illus; |c 18 cm | ||
| 490 | 1 | |a Penguin modern management readings | |
| 504 | |a Bibliography: p. 370-372 | ||
| 650 | 0 | 0 | |a Organization. |
| 650 | 0 | 0 | |a Management. |
| 650 | 0 | 0 | |a Organizational behavior. |
| 700 | 1 | |a Pugh, Derek Salman. |4 edt | |
| 852 | |a INST |b CHIOS |e 19960314 |h 658.001 ORG |p 005200004581 |q 005200004581 |t BK |y 0 | ||
| 909 | |a Χ |b 000760 | ||